000 00419nam a2200181Ia 4500
001 10094
005 20260306161806.0
008 260306t1966||||xx |||||||||||||| ||spa||
041 _aESP
082 _aRU 891.7
_bCH563 T. 4
100 _aCholojov, Mijail
_eAUT
245 0 _aEl don apacible
260 _c1966
300 _a496 páginas :
_c18 cm.
650 _aGEN
654 _aCHU
942 _cLIB
_dJUS
_fJUS
_2ddc
_n
999 _c10094
_d10094